| 000 | 00480nam a2200169Ia 4500 | ||
|---|---|---|---|
| 008 | 240729s9999 xx 000 0 und d | ||
| 022 | _a2624-9634 | ||
| 245 | 0 | _aFrontiers in Sustainable Cities | |
| 260 | _aSwitzerland | ||
| 260 | _bFrontiers Media S.A. | ||
| 650 | _a Science (General) | Social Sciences | ||
| 650 | _a Social sciences (General) | ||
| 650 | _aScience | ||
| 856 | _uhttps://doaj.org/toc/3aed621d456e417e9e36d730e518df02 | ||
| 942 | _2ddc | ||
| 942 | _cDOAJEJ | ||
| 999 |
_c67040 _d67040 |
||
| 945 |
_a1 _bMadushi Gamage _c1 _dMadushi Gamage |
||